Vision: technology special (Record no. 118238)
[ view plain ]
| 000 -LEADER | |
|---|---|
| fixed length control field | 01336cam a2200205 4500 |
| 001 - CONTROL NUMBER | |
| control field | ABS68354 |
| 008 - FIXED-LENGTH DATA ELEMENTS--GENERAL INFORMATION | |
| fixed length control field | 041027n2004 000 0 eng u |
| 035 ## - SYSTEM CONTROL NUMBER | |
| System control number | (Sirsi) u127840 |
| 100 ## - MAIN ENTRY--PERSONAL NAME | |
| Personal name | Tinworth, A. |
| 245 ## - TITLE STATEMENT | |
| Title | Vision: technology special |
| 260 ## - PUBLICATION, DISTRIBUTION, ETC. | |
| Date of publication, distribution, etc. | 2004 |
| 490 ## - SERIES STATEMENT | |
| Series statement | Estates Gazette |
| Volume/sequential designation | (0442) 16 October 2004, 146-151(6) |
| 520 ## - SUMMARY, ETC. | |
| Summary, etc. | A series of articles focusing on technology issues. "The bits byte back" looks at a range of web-based tools which property firms such as Drivers Jonas are using. "Will the five year plan mean unemployment" shows how Kel Computing is developing data processing tools to help chartered surveyors adapt to changing market issues with the demise of the traditional five-year rent review. In "PISCES" is swimming upstream" the author Chris Rees describes his involvement in the development of electronic standard for real estate management known as PISCES and his role as Chair of the PISCES International Working Group. "A multi-channel forecast to log on" reports on a meeting of industry experts organised by the Estate Gazette and Lambert Smith Hampton to discuss the state of play in the broadband and connectivity market. Lists attendees. |
| 590 ## - LOCAL NOTE (RLIN) | |
| Local note | ABS |
| 590 ## - LOCAL NOTE (RLIN) | |
| Local note | ABS |
| 650 ## - SUBJECT ADDED ENTRY--TOPICAL TERM | |
| Topical term or geographic name entry element | BROADBAND |
| 650 ## - SUBJECT ADDED ENTRY--TOPICAL TERM | |
| Topical term or geographic name entry element | PISCES |
| 690 ## - LOCAL SUBJECT ADDED ENTRY--TOPICAL TERM (OCLC, RLIN) | |
| Topical term or geographic name as entry element | INFORMATION TECHNOLOGY-INTERNET |
| 942 ## - ADDED ENTRY ELEMENTS (KOHA) | |
| Suppress in OPAC | 0 |
| Withdrawn status | Lost status | Source of classification or shelving scheme | Damaged status | Not for loan | Home library | Current library | Shelving location | Date acquired | Total Checkouts | Full call number | Barcode | Date last seen | Copy number | Price effective from | Koha item type |
|---|---|---|---|---|---|---|---|---|---|---|---|---|---|---|---|
| Dewey Decimal Classification | London | London | Journal article | 27/10/2004 | ABS68354 | 127840-1001 | 06/08/2019 | 1 | 06/08/2019 | Journal article |